[Event "Wiesbaden op 30th"]
[Site "Wiesbaden"]
[Date "2018.08.24"]
[Round "2"]
[White "Neukirchner, Pascal"]
[Black "Schoeber, Sebastian"]
[Result "1-0"]
[WhiteElo "2303"]
[BlackElo "1846"]
[PlyCount "119"]
[EventDate "2018.08.23"]
[EventType "swiss"]
[EventRounds "7"]
[EventCountry "GER"]
[SourceTitle "CBM 186 Extra"]
[Source "ChessBase"]
[SourceDate "2018.08.24"]
[SourceVersion "1"]
[SourceVersionDate "2018.08.24"]
[SourceQuality "1"]

1. d4 d5 2. c4 c6 3. Nf3 Nf6 4. e3 a6 5. Nbd2 Bf5 6. Nh4 Bg6 7. Be2 Nbd7 8. 0-0 e5 9. dxe5 Nxe5 10. f4 Nxc4 11. Nxc4 dxc4 12. Nxg6 hxg6 13. Bxc4 b5 14. Qxd8+ Rxd8 15. Be2 Bc5 16. Bf3 Nd5 17. Rd1 Ke7 18. Bxd5 Rxd5 19. Rxd5 cxd5 20. h3 f5 21. Bd2 d4 22. Kf2 dxe3+ 23. Bxe3 Bxe3+ 24. Kxe3 Rc8 25. Re1 Rc4 26. Kd3+ Kf6 27. g3 g5 28. b3 Rc6 29. Re8 gxf4 30. gxf4 Rc1 31. Ra8 Rd1+ 32. Kc3 Rd6 33. Kb4 Rd4+ 34. Kc5 Rxf4 35. Rxa6+ Kg5 36. Kxb5 Rh4 37. Ra7 Kf6 38. Ra6+ Kg5 39. Kc5 Rxh3 40. b4 Re3 41. b5 f4 42. b6 Re5+ 43. Kd6 Rb5 44. a4 Rb3 45. Ra5+ Kg4 46. Rb5 Rxb5 47. axb5 f3 48. b7 f2 49. b8Q f1Q 50. Qc8+ Kh5 51. Qh8+ Kg6 52. Qe8+ Kh6 53. b6 Qd3+ 54. Kc7 Qg3+ 55. Kc8 Qd6 56. Qe3+ g5 57. b7 Qf8+ 58. Kd7 Qb8 59. Qe6+ Kg7 60. Qe7+ 1-0

[Event "Hofheim Spring op-B 6th"]
[Site "Hofheim"]
[Date "2018.04.07"]
[Round "8"]
[White "Froehlich Dill, Astrid"]
[Black "Schoeber, Sebastian"]
[Result "0-1"]
[WhiteElo "1866"]
[BlackElo "1805"]
[PlyCount "114"]
[EventDate "2018.04.03"]
[EventType "swiss"]
[EventRounds "9"]
[EventCountry "GER"]
[SourceTitle "EXT 2020"]
[Source "ChessBase"]
[SourceDate "2019.10.17"]
[SourceVersion "1"]
[SourceVersionDate "2019.10.17"]
[SourceQuality "1"]

1. d4 d5 2. Nf3 Nf6 3. c4 c6 4. e3 a6 5. Nc3 b5 6. c5 Bg4 7. Be2 Bxf3 8. Bxf3 Nbd7 9. 0-0 e5 10. Qc2 Qc7 11. Bd2 Be7 12. b4 e4 13. Be2 h5 14. f3 exf3 15. Rxf3 Ng4 16. Rh3 Ndf6 17. Qf5 g6 18. Qf4 Qxf4 19. exf4 0-0 20. a4 Rfe8 21. Rg3 Nh6 22. Bd3 h4 23. Rh3 Nf5 24. Bxf5 gxf5 25. Be1 Ng4 26. Rd3 Bf6 27. h3 Ne3 28. Bf2 Nc4 29. axb5 axb5 30. Rxa8 Rxa8 31. Rd1 Ra3 32. Ne2 Rb3 33. Ra1 Rxb4 34. Ra8+ Kg7 35. Ra6 Rb1+ 36. Kh2 Rb2 37. Rxc6 Rxe2 38. Bg1 Ne3 39. Bxe3 Rxe3 40. Rd6 Bxd4 41. c6 Rc3 42. Rxd5 Bf2 43. g4 hxg3+ 44. Kg2 b4 45. Rxf5 Rc4 46. Rb5 Rxf4 47. c7 Rc4 48. Rxb4 Rxc7 49. Kf3 Rc6 50. h4 Rg6 51. Rb1 Kh6 52. Kg2 f5 53. Rb8 Kh5 54. Rh8+ Kg4 55. h5 Rg5 56. h6 f4 57. h7 Bd4 0-1

[Event "Hofheim Spring op-B 6th"]
[Site "Hofheim"]
[Date "2018.04.04"]
[Round "2"]
[White "Lawrenz, Denny"]
[Black "Schoeber, Sebastian"]
[Result "1/2-1/2"]
[WhiteElo "1935"]
[BlackElo "1805"]
[PlyCount "84"]
[EventDate "2018.04.03"]
[EventType "swiss"]
[EventRounds "9"]
[EventCountry "GER"]
[SourceTitle "EXT 2020"]
[Source "ChessBase"]
[SourceDate "2019.10.17"]
[SourceVersion "1"]
[SourceVersionDate "2019.10.17"]
[SourceQuality "1"]

1. e4 c5 2. Nf3 e6 3. d4 cxd4 4. Nxd4 Nf6 5. Bd3 Nc6 6. Nxc6 dxc6 7. 0-0 e5 8. Qe2 Qc7 9. c3 Be7 10. Nd2 0-0 11. h3 Re8 12. Re1 Be6 13. Nf1 h6 14. Be3 b5 15. a3 a6 16. Ng3 c5 17. Qc2 c4 18. Be2 Qc6 19. Red1 Red8 20. Bf3 Bc5 21. Bxc5 Qxc5 22. Rxd8+ Rxd8 23. Rd1 Qc7 24. Rd2 g6 25. Qd1 Rxd2 26. Qxd2 Kg7 27. h4 Nd7 28. h5 Nc5 29. hxg6 fxg6 30. Be2 Qd7 31. Qxd7+ Bxd7 32. f3 Na4 33. Bd1 Nxb2 34. Bc2 Nd3 35. Bxd3 cxd3 36. Kf2 Be6 37. Ke3 Bc4 38. Nh1 Kf6 39. Nf2 Kg5 40. g3 h5 41. f4+ exf4+ 42. gxf4+ Kf6 1/2-1/2

[Event "Wiesbaden op 29th"]
[Site "Wiesbaden"]
[Date "2017.08.26"]
[Round "5"]
[White "Schoeber, Sebastian"]
[Black "Policarpo, Raphael"]
[Result "1-0"]
[WhiteElo "1808"]
[BlackElo "1635"]
[PlyCount "69"]
[EventDate "2017.08.24"]
[EventType "swiss"]
[EventRounds "7"]
[EventCountry "GER"]
[SourceTitle "CBM 180 Extra"]
[Source "ChessBase"]
[SourceDate "2017.10.06"]
[SourceVersion "1"]
[SourceVersionDate "2017.10.06"]
[SourceQuality "1"]

1. d4 d5 2. Bf4 e6 3. e3 c5 4. Nf3 Nf6 5. h3 Nc6 6. c3 Be7 7. Nbd2 b6 8. Bd3 Bb7 9. Ne5 c4 10. Bc2 0-0 11. a4 a5 12. 0-0 Nxe5 13. dxe5 Nd7 14. Nf3 Nc5 15. Re1 f6 16. Qb1 h6 17. Nd4 fxe5 18. Bxe5 Bf6 19. Bg3 e5 20. Nb5 e4 21. Bc7 Qd7 22. Bxb6 Nd3 23. Rf1 Bh4 24. Bxd3 cxd3 25. Qd1 Rf6 26. Bd4 Rg6 27. Qh5 Qf7 28. Qxh4 Qf3 29. g3 Rf8 30. Be5 Rf5 31. Nd4 Qh5 32. Nxf5 Qxf5 33. Bf4 Ra6 34. Rfd1 Rb6 35. Qd8+ 1-0

[Event "Wiesbaden op 29th"]
[Site "Wiesbaden"]
[Date "2017.08.26"]
[Round "4"]
[White "Schwenk, Stefan"]
[Black "Schoeber, Sebastian"]
[Result "1-0"]
[WhiteElo "1640"]
[BlackElo "1808"]
[PlyCount "77"]
[EventDate "2017.08.24"]
[EventType "swiss"]
[EventRounds "7"]
[EventCountry "GER"]
[SourceTitle "CBM 180 Extra"]
[Source "ChessBase"]
[SourceDate "2017.10.06"]
[SourceVersion "1"]
[SourceVersionDate "2017.10.06"]
[SourceQuality "1"]

1. c4 c5 2. g3 Nc6 3. Bg2 d6 4. Nc3 g6 5. e3 e5 6. a3 Be6 7. d3 Nge7 8. Nge2 Bg7 9. 0-0 0-0 10. Rb1 a5 11. Bd2 Qd7 12. Nd5 Nc8 13. b4 axb4 14. axb4 Bh3 15. b5 Bxg2 16. Kxg2 Nd8 17. Nec3 Ne6 18. Qc2 Ng5 19. f4 Qh3+ 20. Kh1 exf4 21. Nxf4 Qd7 22. Ncd5 Qd8 23. Bc3 Be5 24. Qb2 Re8 25. b6 Ra6 26. d4 cxd4 27. Bxd4 f6 28. Nd3 Ne4 29. N3b4 Ra5 30. Nc6 bxc6 31. b7 cxd5 32. b8Q Ne7 33. Qxd8 Rxd8 34. cxd5 Raa8 35. Qc2 f5 36. Rb7 Nxd5 37. Qc4 Ra5 38. Rc1 Rda8 39. Qc8+ 1-0

[Event "Hofheim Spring op-B 5th"]
[Site "Hofheim"]
[Date "2017.04.10"]
[Round "7"]
[White "Schoeber, Sebastian"]
[Black "Gihr, Michael"]
[Result "1-0"]
[WhiteElo "1800"]
[BlackElo "1958"]
[PlyCount "131"]
[EventDate "2017.04.07"]
[EventType "swiss"]
[EventRounds "9"]
[EventCountry "GER"]
[SourceTitle "CBM 178 Extra"]
[Source "ChessBase"]
[SourceDate "2017.06.22"]
[SourceVersion "1"]
[SourceVersionDate "2017.06.22"]
[SourceQuality "1"]

1. d4 c5 2. c3 b6 3. Nf3 Bb7 4. Bf4 d6 5. e3 Nd7 6. h3 Ngf6 7. Nbd2 g6 8. Be2 Bg7 9. 0-0 0-0 10. a4 Re8 11. Bh2 a6 12. Qc2 Rc8 13. Rfd1 Qc7 14. Bf1 cxd4 15. exd4 e5 16. dxe5 dxe5 17. Nc4 Nd5 18. Qb3 Qc6 19. Ng5 Re7 20. Qa3 Bf8 21. Qd6 Ree8 22. Qxc6 Bxc6 23. Ne4 Rcd8 24. Ncd6 Bxd6 25. Nxd6 Re6 26. Nc4 Rde8 27. a5 b5 28. Nb6 N7xb6 29. axb6 Bb7 30. c4 Nxb6 31. cxb5 axb5 32. Bxb5 R8e7 33. Rd8+ Kg7 34. Rad1 f5 35. Bg3 g5 36. f3 e4 37. Be1 exf3 38. Bc3+ Kh6 39. gxf3 Bxf3 40. R1d6 Be4 41. Bd4 Na8 42. Bc4 Rg6 43. Rxg6+ Kxg6 44. Rg8+ Kh5 45. Bf6 Rd7 46. Rxg5+ Kh6 47. h4 Nb6 48. Be2 f4 49. Bg4 Rf7 50. Bd8 Na4 51. Rg8 Rg7 52. Bg5+ Kg6 53. Rxg7+ Kxg7 54. b4 f3 55. Be3 Kg6 56. Bd4 h5 57. Bd7 Bc2 58. Kf2 Kf7 59. Kxf3 Ke7 60. Bh3 Kd6 61. Ke3 Kd5 62. b5 Nc5 63. b6 Na6 64. Bc8 Nb8 65. b7 Nc6 66. Ba7 1-0

[Event "Hofheim Spring op-B 5th"]
[Site "Hofheim"]
[Date "2017.04.08"]
[Round "2"]
[White "Hermann, Tobias"]
[Black "Schoeber, Sebastian"]
[Result "1-0"]
[WhiteElo "1897"]
[BlackElo "1800"]
[PlyCount "75"]
[EventDate "2017.04.07"]
[EventType "swiss"]
[EventRounds "9"]
[EventCountry "GER"]
[SourceTitle "CBM 178 Extra"]
[Source "ChessBase"]
[SourceDate "2017.06.22"]
[SourceVersion "1"]
[SourceVersionDate "2017.06.22"]
[SourceQuality "1"]

1. b3 c5 2. Bb2 Nc6 3. e3 e5 4. Nf3 e4 5. Ne5 Nxe5 6. Bxe5 d6 7. Bb2 Bd7 8. Nc3 Nf6 9. d3 exd3 10. Bxd3 Be7 11. Qf3 Bc6 12. Qg3 Qd7 13. e4 0-0-0 14. 0-0-0 Qg4 15. Rhe1 Qxg3 16. hxg3 Ng4 17. Re2 Bf6 18. f3 Ne5 19. Bb5 Rhe8 20. Red2 Be7 21. Bxc6 bxc6 22. Ne2 Bf6 23. Rxd6 Kc7 24. Rxd8 Rxd8 25. Bxe5+ Bxe5 26. Rxd8 Kxd8 27. f4 Bc7 28. Kd2 Ke7 29. Kd3 h6 30. Kc4 Bb6 31. Nc1 g5 32. f5 Kd6 33. Nd3 f6 34. g4 a6 35. g3 a5 36. Nb2 Ba7 37. Kd3 Ke5 38. Nc4# 1-0

[Event "Wiesbaden op 28th"]
[Site "Wiesbaden"]
[Date "2016.08.27"]
[Round "5"]
[White "Schoeber, Sebastian"]
[Black "Mang, Markus"]
[Result "0-1"]
[WhiteElo "1828"]
[BlackElo "1716"]
[PlyCount "54"]
[EventDate "2016.08.25"]
[EventType "swiss"]
[EventRounds "7"]
[EventCountry "GER"]
[SourceTitle "CBM 174 Extra"]
[Source "ChessBase"]
[SourceDate "2016.10.10"]
[SourceVersion "1"]
[SourceVersionDate "2016.10.10"]
[SourceQuality "1"]

1. c4 c6 2. g3 d5 3. Nf3 Nf6 4. b3 Bf5 5. Bg2 e6 6. 0-0 Nbd7 7. Bb2 Bd6 8. d3 Qe7 9. Nc3 0-0 10. Re1 Bg6 11. cxd5 exd5 12. Nd4 Bb4 13. a3 Ba5 14. b4 Bc7 15. Qb3 h5 16. e4 Rae8 17. f4 h4 18. Nf3 hxg3 19. hxg3 Bb6+ 20. Kf1 Nh5 21. Bh3 dxe4 22. dxe4 Nxg3+ 23. Kg2 Nh5 24. Bg4 Nxf4+ 25. Kf1 Nf6 26. Bf5 N6h5 27. Red1 Ng3+ 0-1

[Event "Hofheim Spring op-B 4th"]
[Site "Hofheim"]
[Date "2016.03.30"]
[Round "2"]
[White "Schoeber, Sebastian"]
[Black "Goodwin, David"]
[Result "1-0"]
[WhiteElo "1848"]
[BlackElo "1567"]
[PlyCount "55"]
[EventDate "2016.03.30"]
[EventType "swiss"]
[EventRounds "9"]
[EventCountry "GER"]
[SourceTitle "EXT 2018"]
[Source "ChessBase"]
[SourceDate "2017.10.13"]
[SourceVersion "1"]
[SourceVersionDate "2017.10.13"]
[SourceQuality "1"]

1. e4 g6 2. d4 Bg7 3. Be3 d6 4. Qd2 a6 5. Nc3 Nd7 6. 0-0-0 b5 7. Kb1 Bb7 8. f3 Rc8 9. h4 h5 10. Nh3 c5 11. dxc5 Nxc5 12. Ng5 Nd7 13. Bd4 Bf6 14. Bxf6 Ngxf6 15. Be2 Rc5 16. Rde1 Qa5 17. Qd4 b4 18. Nd5 Nxd5 19. Qxh8+ Nf8 20. exd5 Bxd5 21. b3 e5 22. Bc4 Rxc4 23. Rxe5+ dxe5 24. Qxe5+ Ne6 25. bxc4 b3 26. axb3 Qd2 27. cxd5 Qxg2 28. Rd1 1-0

[Event "Hofheim Spring op-B 4th"]
[Site "Hofheim"]
[Date "2016.03.30"]
[Round "3"]
[White "Vega Lopez de Nava, Cesar Octavio"]
[Black "Schoeber, Sebastian"]
[Result "1-0"]
[WhiteElo "1973"]
[BlackElo "1848"]
[PlyCount "83"]
[EventDate "2016.03.30"]
[EventType "swiss"]
[EventRounds "9"]
[EventCountry "GER"]
[SourceTitle "EXT 2018"]
[Source "ChessBase"]
[SourceDate "2017.10.13"]
[SourceVersion "1"]
[SourceVersionDate "2017.10.13"]
[SourceQuality "1"]

1. e4 c5 2. Nf3 d6 3. d4 cxd4 4. Nxd4 Nf6 5. Nc3 a6 6. f3 h5 7. Be3 e5 8. Nb3 Be6 9. Qd2 b5 10. 0-0-0 Nbd7 11. Qf2 Rc8 12. h3 Qc7 13. Bd3 h4 14. Kb1 Qc6 15. a3 Rb8 16. Ba7 Ra8 17. Rhe1 Be7 18. Be3 Rb8 19. Qd2 Nb6 20. Bxb6 Qxb6 21. f4 Nh5 22. fxe5 dxe5 23. Nd5 Qa7 24. Qc3 Bd6 25. Qc6+ Qd7 26. Qxa6 0-0 27. Be2 Ng3 28. Nc5 Qd8 29. Nxe6 fxe6 30. Ne3 Rb6 31. Qa5 b4 32. axb4 Bxb4 33. Qxe5 Qf6 34. Qc7 Rfb8 35. Nc4 Bxe1 36. Nxb6 Rf8 37. Bf3 Ba5 38. Qc5 Bxb6 39. Qxb6 Qe7 40. Qd6 Qxd6 41. Rxd6 e5 42. Re6 1-0

[Event "Wiesbaden op 27th"]
[Site "Wiesbaden"]
[Date "2015.08.29"]
[Round "5"]
[White "Nuding, Matthias"]
[Black "Schoeber, Sebastian"]
[Result "1-0"]
[WhiteElo "2126"]
[BlackElo "1943"]
[PlyCount "71"]
[EventDate "2015.08.27"]
[EventType "swiss"]
[EventRounds "7"]
[EventCountry "GER"]
[SourceTitle "EXT 2016"]
[Source "ChessBase"]
[SourceDate "2015.10.08"]
[SourceVersion "1"]
[SourceVersionDate "2015.10.08"]
[SourceQuality "1"]

1. Nf3 c5 2. c4 Nc6 3. g3 g6 4. Bg2 Bg7 5. Nc3 e5 6. d3 Nge7 7. 0-0 0-0 8. Be3 d6 9. Qc1 Nf5 10. Bg5 f6 11. Bd2 Be6 12. Rb1 Qd7 13. a3 Nfd4 14. Nxd4 exd4 15. Nd5 Bh3 16. Re1 Bxg2 17. Kxg2 Rae8 18. h4 Rf7 19. Qc2 Qf5 20. e4 Qd7 21. Bf4 f5 22. exf5 Rxe1 23. Rxe1 Rxf5 24. Qe2 Be5 25. Bg5 h5 26. f4 Bg7 27. Qe6+ Qf7 28. Qxd6 Ne5 29. Ne7+ Kh7 30. Nxf5 Nxd3 31. Re7 Qxf5 32. Qd7 Ne1+ 33. Kf2 Qc2+ 34. Kxe1 Qb1+ 35. Kf2 Qxb2+ 36. Re2 1-0

[Event "Wiesbaden op 27th"]
[Site "Wiesbaden"]
[Date "2015.08.28"]
[Round "3"]
[White "Bajorski, Marius"]
[Black "Schoeber, Sebastian"]
[Result "1/2-1/2"]
[WhiteElo "1764"]
[BlackElo "1943"]
[PlyCount "39"]
[EventDate "2015.08.27"]
[EventType "swiss"]
[EventRounds "7"]
[EventCountry "GER"]
[SourceTitle "EXT 2016"]
[Source "ChessBase"]
[SourceDate "2015.10.08"]
[SourceVersion "1"]
[SourceVersionDate "2015.10.08"]
[SourceQuality "1"]

1. e4 c5 2. Nf3 d6 3. d4 cxd4 4. Nxd4 Nf6 5. Nc3 a6 6. Be3 Ng4 7. Bg5 h6 8. Bh4 g5 9. Bg3 Bg7 10. h3 Ne5 11. f3 Nbc6 12. Bf2 Bd7 13. Qd2 Rc8 14. 0-0-0 Na5 15. Kb1 Nac4 16. Bxc4 Nxc4 17. Qe2 h5 18. h4 g4 19. Qe1 Qa5 20. Nb3 1/2-1/2

[Event "Wiesbaden op 27th"]
[Site "Wiesbaden"]
[Date "2015.08.27"]
[Round "1"]
[White "Viol, Julius"]
[Black "Schoeber, Sebastian"]
[Result "1/2-1/2"]
[WhiteElo "1555"]
[BlackElo "1943"]
[PlyCount "35"]
[EventDate "2015.08.27"]
[EventType "swiss"]
[EventRounds "7"]
[EventCountry "GER"]
[SourceTitle "EXT 2016"]
[Source "ChessBase"]
[SourceDate "2015.10.08"]
[SourceVersion "1"]
[SourceVersionDate "2015.10.08"]
[SourceQuality "1"]

1. d4 Nf6 2. Nf3 e6 3. g3 b6 4. Bg2 Bb7 5. 0-0 c5 6. c3 Be7 7. Bg5 0-0 8. Qc2 d6 9. Bxf6 Bxf6 10. Ng5 Bxg5 11. Bxb7 Nd7 12. Bxa8 Qxa8 13. Nd2 f5 14. Nf3 Bf6 15. Qb3 d5 16. Rad1 c4 17. Qc2 g5 18. Qd2 1/2-1/2

[Event "Hofheim Spring op-A 2nd"]
[Site "Hofheim"]
[Date "2014.04.24"]
[Round "4"]
[White "Rosenberger, Frank"]
[Black "Schoeber, Sebastian"]
[Result "1/2-1/2"]
[WhiteElo "2090"]
[BlackElo "1971"]
[PlyCount "48"]
[EventDate "2014.04.22"]
[EventType "swiss"]
[EventRounds "9"]
[EventCountry "GER"]
[SourceTitle "CBM 160 Extra"]
[Source "ChessBase"]
[SourceDate "2014.07.01"]
[SourceVersion "1"]
[SourceVersionDate "2014.07.01"]
[SourceQuality "1"]

1. e4 c5 2. Nf3 d6 3. d4 cxd4 4. Nxd4 Nf6 5. Nc3 a6 6. a4 e5 7. Nf3 Be7 8. Bc4 h6 9. h3 0-0 10. Be3 Qc7 11. Bd5 Be6 12. 0-0 Nbd7 13. Bxe6 fxe6 14. Qe2 d5 15. Bc1 d4 16. Nb1 Rac8 17. c3 Nc5 18. Qc4 Qb6 19. a5 Qb3 20. Qe2 Nfxe4 21. cxd4 exd4 22. Nxd4 Qd3 23. Be3 Qxe2 24. Nxe2 Nd3 1/2-1/2

[Event "Hofheim Spring op-A 2nd"]
[Site "Hofheim"]
[Date "2014.04.24"]
[Round "5"]
[White "Schoeber, Sebastian"]
[Black "Foermes, Alexander"]
[Result "1/2-1/2"]
[WhiteElo "1971"]
[BlackElo "2037"]
[PlyCount "51"]
[EventDate "2014.04.22"]
[EventType "swiss"]
[EventRounds "9"]
[EventCountry "GER"]
[SourceTitle "CBM 160 Extra"]
[Source "ChessBase"]
[SourceDate "2014.07.01"]
[SourceVersion "1"]
[SourceVersionDate "2014.07.01"]
[SourceQuality "1"]

1. c4 b6 2. Nc3 Bb7 3. d4 e6 4. e4 Bb4 5. d5 Qe7 6. Be2 exd5 7. exd5 c6 8. Nf3 Nf6 9. Bg5 h6 10. Bh4 cxd5 11. 0-0 Bxc3 12. bxc3 dxc4 13. Bxc4 0-0 14. Re1 Qc5 15. Ne5 g5 16. Bg3 d5 17. Bb3 Nc6 18. Qf3 Nxe5 19. Bxe5 Nd7 20. Bd4 Qd6 21. Bc2 Qf4 22. Qh5 Qd6 23. Re3 Rae8 24. Rae1 Re4 25. Rxe4 dxe4 26. Bb3 1/2-1/2

[Event "Hofheim Spring op-A 2nd"]
[Site "Hofheim"]
[Date "2014.04.23"]
[Round "2"]
[White "Werner, Dimo"]
[Black "Schoeber, Sebastian"]
[Result "1/2-1/2"]
[WhiteElo "2103"]
[BlackElo "1971"]
[PlyCount "41"]
[EventDate "2014.04.22"]
[EventType "swiss"]
[EventRounds "9"]
[EventCountry "GER"]
[SourceTitle "CBM 160 Extra"]
[Source "ChessBase"]
[SourceDate "2014.07.01"]
[SourceVersion "1"]
[SourceVersionDate "2014.07.01"]
[SourceQuality "1"]

1. d4 Nf6 2. Nf3 d5 3. c4 c6 4. e3 e6 5. Nc3 Nbd7 6. Bd3 dxc4 7. Bxc4 b5 8. Bd3 Bb7 9. 0-0 a6 10. Ne4 c5 11. Nxc5 Nxc5 12. dxc5 Bxc5 13. b3 Qc7 14. Bb2 Ng4 15. e4 Rd8 16. Qe2 Qb6 17. Bc2 Ke7 18. h3 Nf6 19. Rad1 Rxd1 20. Rxd1 Rd8 21. Rxd8 1/2-1/2

[Event "Hofheim Spring op-A 2nd"]
[Site "Hofheim"]
[Date "2014.04.22"]
[Round "1"]
[White "Schoeber, Sebastian"]
[Black "Rolle, Eric"]
[Result "0-1"]
[WhiteElo "1971"]
[BlackElo "2256"]
[PlyCount "64"]
[EventDate "2014.04.22"]
[EventType "swiss"]
[EventRounds "9"]
[EventCountry "GER"]
[SourceTitle "CBM 160 Extra"]
[Source "ChessBase"]
[SourceDate "2014.07.01"]
[SourceVersion "1"]
[SourceVersionDate "2014.07.01"]
[SourceQuality "1"]

1. c4 Nf6 2. g3 e5 3. Bg2 Bc5 4. Nc3 0-0 5. d3 Re8 6. Rb1 a5 7. e3 Nc6 8. Nge2 d6 9. 0-0 Bf5 10. a3 Qc8 11. Nd5 Nxd5 12. cxd5 Ne7 13. b4 axb4 14. axb4 Bb6 15. Nc3 Bg6 16. Bb2 f5 17. Bh3 Rf8 18. Ra1 Bf7 19. Qb3 c6 20. Rxa8 Qxa8 21. Ra1 Qd8 22. Bg2 f4 23. exf4 exf4 24. Na4 fxg3 25. hxg3 Bxf2+ 26. Kh2 Nf5 27. Qc4 Bxg3+ 28. Kh1 Qg5 29. Bc1 Qh5+ 30. Kg1 Qd1+ 31. Bf1 Bxd5 32. Bb2 Qf3 0-1

[Event "Wiesbaden op 25th"]
[Site "Wiesbaden"]
[Date "2013.08.23"]
[Round "3"]
[White "Braunberger, Gerald"]
[Black "Schoeber, Sebastian"]
[Result "0-1"]
[WhiteElo "1951"]
[BlackElo "1730"]
[PlyCount "90"]
[EventDate "2013.08.22"]
[EventType "swiss"]
[EventRounds "7"]
[EventCountry "GER"]
[SourceTitle "EXT 2014"]
[Source "ChessBase"]
[SourceDate "2013.11.20"]
[SourceVersion "1"]
[SourceVersionDate "2013.11.20"]
[SourceQuality "1"]

1. Nf3 c5 2. c4 Nc6 3. g3 d6 4. b3 e5 5. Nc3 g6 6. Bg2 Bg7 7. Rb1 Nge7 8. 0-0 0-0 9. Bb2 Bf5 10. d3 Qd7 11. Ne1 Bh3 12. Nc2 Bxg2 13. Kxg2 f5 14. Ne3 f4 15. Ned5 Rae8 16. Bc1 fxg3 17. hxg3 Rf5 18. Nxe7+ Rxe7 19. Be3 Rh5 20. Rh1 Rxh1 21. Qxh1 Nd4 22. Bxd4 exd4 23. Ne4 d5 24. cxd5 Qxd5 25. Qh4 Re5 26. Rh1 h6 27. Qg4 Kh7 28. Qf4 b6 29. Kg1 Rf5 30. Qb8 Rf7 31. Rh4 g5 32. Rh1 Qf5 33. Qe8 Rf8 34. Qh5 Kg8 35. Rh2 b5 36. f3 c4 37. bxc4 bxc4 38. dxc4 Qa5 39. Kf1 Qxa2 40. Nxg5 Qb1+ 41. Kf2 hxg5 42. Qxg5 Qf5 43. Qe7 d3 44. Qe3 dxe2 45. Qxe2 Rb8 0-1